One-Word Movies (A-Z) Quiz Stats

 Plays Quiz Updated Dec 8, 2014

Score 0/26 Timer 06:00
5 Plays Today
Year Movie % Correct
1997Titanic
84.3%
2000Gladiator
77.7%
1976Rocky
77.6%
2001Zoolander
74.4%
1995Braveheart
68.9%
2002xXx
63.1%
1942Casablanca
62.1%
2001Shrek
47.1%
1995Waterworld
46.5%
2003Underworld
43.7%
1975Jaws
42.3%
1996Fargo
40.9%
1986Labyrinth
38.6%
Year Movie % Correct
1998Armageddon
38.1%
1987Predator
37.1%
2007Norbit
36.3%
1983Yentl
31.2%
2007Enchanted
25.9%
1958Vertigo
24.5%
1986Highlander
22.1%
1996Kingpin
20.8%
2000Quills
15.3%
1979Meatballs
15%
1987Innerspace
11.6%
1995Outbreak
11.4%
1994Disclosure
10.8%

You're not logged in!

Compare scores with friends on all Sporcle quizzes.
OR
Log In

Sporcle TV

Today on Sporcle TV


Watch our educational content, quiz creation guides, and fun videos on Sporcle TV.

Show Comments

Extras

Top Quizzes Today


Score Distribution

Your Account Isn't Verified!

In order to create a playlist on Sporcle, you need to verify the email address you used during registration. Go to your Sporcle Settings to finish the process.

Report this User

Report this user for behavior that violates our Community Guidelines.

Details: